Persistente Asombro /

Saved in:
Bibliographic Details
Main Author: Ulate Vásquez, Mario
Format: Unknown
Language:Spanish
Published: San José, Costa Rica : Editorial Nueva Década, 1991.
Subjects:
Tags: Add Tag
No Tags, Be the first to tag this record!

MARC

LEADER 000000000a22000000004500
001 003075
008 200210b xxu||||| |||| 00| 0 spa d
020 |a 9977942463 
041 0 |a spa 
082 0 4 |a CR861.44  |b U36p 
100 1 |a Ulate Vásquez, Mario 
245 1 0 |a Persistente Asombro /   |c Mario Ulate Vásquez. 
260 1 |a San José, Costa Rica :   |b Editorial Nueva Década,   |c 1991. 
300 |a 70 páginas 
650 4 |a LITERATURA COSTARRICENSE  |9 76 
650 4 |a POESIA  |9 159 
942 |c BK  |2 ddc 
999 |c 9384  |d 9384